[Event "Gibraltar Challengers op-B"]
[Site "Caleta"]
[Date "2020.01.26"]
[Round "2"]
[White "Godoy Olazabal, Arturo"]
[Black "Gonzalvez Tamarit, Ivan"]
[Result "1-0"]
[WhiteElo "2154"]
[BlackElo "1918"]
[PlyCount "55"]
[EventDate "2020.01.25"]
[EventType "swiss"]
[EventRounds "5"]
[EventCountry "GGB"]
[SourceTitle "CBM 194 Extra"]
[Source "ChessBase"]
[SourceDate "2020.03.31"]
[SourceVersion "1"]
[SourceVersionDate "2020.03.31"]
[SourceQuality "1"]

1. d4 Nf6 2. Nc3 d5 3. Bg5 Bf5 4. f3 c6 5. g4 Bg6 6. Qd2 h5 7. gxh5 Bxh5 8. e4 dxe4 9. fxe4 Nbd7 10. Be2 Bg6 11. Qf4 Nh5 12. Qe3 Qc7 13. Bf3 f6 14. Bh4 e5 15. Nge2 Bd6 16. 0-0-0 exd4 17. Qxd4 Be5 18. Qg1 Nf4 19. Kb1 Kf7 20. Bf2 Nxe2 21. Bxe2 Bxc3 22. Bc4+ Ke7 23. Qxg6 Rae8 24. bxc3 Kd8 25. Qxg7 Kc8 26. Be6 Rh5 27. Rxd7 Rb5+ 28. Ka1 1-0

[Event "Gibraltar Challengers op-A"]
[Site "Caleta"]
[Date "2020.01.24"]
[Round "5"]
[White "Patola, Eero"]
[Black "Godoy Olazabal, Arturo"]
[Result "0-1"]
[WhiteElo "1831"]
[BlackElo "2154"]
[PlyCount "72"]
[EventDate "2020.01.20"]
[EventType "swiss"]
[EventRounds "5"]
[EventCountry "GGB"]
[SourceTitle "CBM 194 Extra"]
[Source "ChessBase"]
[SourceDate "2020.03.31"]
[SourceVersion "1"]
[SourceVersionDate "2020.03.31"]
[SourceQuality "1"]

1. c4 f5 2. d4 g6 3. g3 Nf6 4. Bg2 Bg7 5. Nc3 d6 6. Nh3 0-0 7. Bg5 c6 8. Qd2 Re8 9. Nf4 e5 10. dxe5 dxe5 11. Qxd8 Rxd8 12. Nd3 h6 13. Bd2 e4 14. Ne5 Kh7 15. h3 Be6 16. b3 Nh5 17. g4 e3 18. fxe3 Ng3 19. gxf5 Bxf5 20. Nxc6 Nxc6 21. Rg1 Ne4 22. Bxe4 Bxe4 23. Rc1 Re8 24. Nd5 Rad8 25. Nf4 g5 26. Nh5 Be5 27. Bc3 Bg6 28. Nf6+ Bxf6 29. Bxf6 Rd6 30. Rf1 Rxe3 31. h4 g4 32. Rd1 Rxd1+ 33. Kxd1 g3 34. Rg1 Bh5 35. Rg2 Kg6 36. Kd2 Rxe2+ 0-1

[Event "Gibraltar Challengers op-A"]
[Site "Caleta"]
[Date "2020.01.20"]
[Round "1"]
[White "Fischer, Robert"]
[Black "Godoy Olazabal, Arturo"]
[Result "0-1"]
[WhiteElo "1923"]
[BlackElo "2154"]
[PlyCount "56"]
[EventDate "2020.01.20"]
[EventType "swiss"]
[EventRounds "5"]
[EventCountry "GGB"]
[SourceTitle "CBM 194 Extra"]
[Source "ChessBase"]
[SourceDate "2020.03.31"]
[SourceVersion "1"]
[SourceVersionDate "2020.03.31"]
[SourceQuality "1"]

1. Nc3 e5 2. e4 Bc5 3. Nf3 d6 4. d4 exd4 5. Nxd4 Qf6 6. Nd5 Qd8 7. Nb3 Bb6 8. Bc4 Nf6 9. Nxb6 axb6 10. 0-0 0-0 11. Re1 Re8 12. Bg5 h6 13. Bh4 Nc6 14. Nd4 g5 15. Bg3 Nxe4 16. Qh5 d5 17. Bb5 Qf6 18. c3 Bd7 19. Bxc7 Qxf2+ 20. Kh1 Rxa2 21. Qxh6 Nxd4 22. Bxd7 Nf3 23. gxf3 Qxf3+ 24. Kg1 Rxb2 25. Qh3 Qf2+ 26. Kh1 Qxe1+ 27. Qf1 Qxf1+ 28. Rxf1 Re7 0-1

[Event "Buenos Aires Grafica Yael"]
[Site "Buenos Aires"]
[Date "2015.07.23"]
[Round "9"]
[White "Gaitan, Juan Manuel"]
[Black "Godoy Olazabal, Arturo"]
[Result "1-0"]
[WhiteElo "2289"]
[BlackElo "2175"]
[PlyCount "61"]
[EventDate "2015.07.16"]
[EventType "tourn"]
[EventRounds "9"]
[EventCountry "ARG"]
[EventCategory "2"]
[SourceTitle "EXT 2016"]
[Source "ChessBase"]
[SourceDate "2015.10.08"]
[SourceVersion "1"]
[SourceVersionDate "2015.10.08"]
[SourceQuality "1"]

1. d4 d5 2. c4 Nc6 3. cxd5 Qxd5 4. e3 e5 5. Nc3 Bb4 6. Bd2 Bxc3 7. bxc3 exd4 8. cxd4 Nf6 9. Ne2 0-0 10. Nf4 Qd6 11. Bd3 b6 12. 0-0 Bb7 13. Rc1 Ne7 14. Qc2 Rac8 15. Qb2 Ned5 16. Ne2 Ng4 17. Ng3 f5 18. Rce1 f4 19. Nf5 Qd7 20. e4 f3 21. gxf3 Rxf5 22. exf5 Nh6 23. Bxh6 gxh6 24. Kh1 Nf6 25. Be4 Nxe4 26. fxe4 Qxf5 27. f3 Qf6 28. Qb3+ Kh8 29. d5 c6 30. e5 Qf5 31. Qb2 1-0

[Event "Buenos Aires Grafica Yael"]
[Site "Buenos Aires"]
[Date "2015.07.19"]
[Round "5"]
[White "Salinas Herrera, Pablo Patricio"]
[Black "Godoy Olazabal, Arturo"]
[Result "1-0"]
[WhiteElo "2450"]
[BlackElo "2175"]
[PlyCount "31"]
[EventDate "2015.07.16"]
[EventType "tourn"]
[EventRounds "9"]
[EventCountry "ARG"]
[EventCategory "2"]
[SourceTitle "EXT 2016"]
[Source "ChessBase"]
[SourceDate "2015.10.08"]
[SourceVersion "1"]
[SourceVersionDate "2015.10.08"]
[SourceQuality "1"]

1. e4 e5 2. Nf3 Nc6 3. Bb5 f5 4. Nc3 fxe4 5. Nxe4 Nf6 6. Qe2 Qe7 7. 0-0 d6 8. d4 Bd7 9. dxe5 dxe5 10. Bg5 0-0-0 11. c3 a6 12. Bxa6 bxa6 13. Qxa6+ Kb8 14. b4 Na7 15. Be3 c5 16. Qb6+ 1-0

[Event "Latin Cup-A 6th"]
[Site "Buenos Aires"]
[Date "2015.03.22"]
[Round "5"]
[White "Godoy Olazabal, Arturo"]
[Black "Radoszta, Armando Esteban"]
[Result "0-1"]
[WhiteElo "2154"]
[BlackElo "1994"]
[PlyCount "64"]
[EventDate "2015.03.19"]
[EventType "swiss"]
[EventRounds "9"]
[EventCountry "ARG"]
[SourceTitle "CBM 165 Extra"]
[Source "ChessBase"]
[SourceDate "2015.04.21"]
[SourceVersion "1"]
[SourceVersionDate "2015.04.21"]
[SourceQuality "1"]

1. e4 c5 2. Nf3 e6 3. Nc3 Nc6 4. Bb5 Nge7 5. d4 cxd4 6. Nxd4 Nxd4 7. Qxd4 a6 8. Bd3 Nc6 9. Qe3 b5 10. 0-0 Bb7 11. b3 Nb4 12. Bb2 Be7 13. Qg3 Nxd3 14. cxd3 Rg8 15. Rac1 Rc8 16. f4 b4 17. Ne2 Qa5 18. Rxc8+ Bxc8 19. Nc1 Qc7 20. Qh3 h6 21. f5 e5 22. Qg3 f6 23. h4 Bb7 24. d4 Qb6 25. Kh1 exd4 26. Qg6+ Kf8 27. Nd3 Qb5 28. Rd1 Bxe4 29. Nf4 Qxf5 30. Qg3 g5 31. Nh3 gxh4 32. Qb8+ Kf7 0-1

[Event "Latin Cup-A 6th"]
[Site "Buenos Aires"]
[Date "2015.03.20"]
[Round "2"]
[White "Fiorito, Fabian"]
[Black "Godoy Olazabal, Arturo"]
[Result "0-1"]
[WhiteElo "2438"]
[BlackElo "2154"]
[PlyCount "72"]
[EventDate "2015.03.19"]
[EventType "swiss"]
[EventRounds "9"]
[EventCountry "ARG"]
[SourceTitle "CBM 165 Extra"]
[Source "ChessBase"]
[SourceDate "2015.04.21"]
[SourceVersion "1"]
[SourceVersionDate "2015.04.21"]
[SourceQuality "1"]

1. d4 Nf6 2. Nf3 e6 3. c3 Be7 4. Bg5 b6 5. Nbd2 Bb7 6. e3 d6 7. Qa4+ Nfd7 8. Bxe7 Qxe7 9. Qc2 Nf6 10. a4 a6 11. a5 b5 12. c4 c6 13. Be2 0-0 14. 0-0 Nbd7 15. Rfc1 Rac8 16. c5 d5 17. e4 e5 18. exd5 cxd5 19. Nxe5 Nxe5 20. dxe5 Nd7 21. Nb3 Nxe5 22. Nd4 Nc4 23. b3 Ne5 24. Nf5 Qf6 25. Nd6 Rc7 26. Nxb7 Rxb7 27. Qd2 Rd8 28. Rd1 Rc7 29. b4 Rcd7 30. Rac1 Nc6 31. Bg4 Re7 32. Re1 Re4 33. Bd7 Ne5 34. Qxd5 Rxe1+ 35. Rxe1 Rxd7 36. Rxe5 Qd8 0-1

[Event "Florianopolis op"]
[Site "Florianopolis"]
[Date "2015.01.18"]
[Round "9"]
[White "Boff, Andre Ricardo"]
[Black "Godoy Olazabal, Arturo"]
[Result "0-1"]
[WhiteElo "2000"]
[BlackElo "2198"]
[PlyCount "114"]
[EventDate "2015.01.14"]
[EventType "swiss"]
[EventRounds "10"]
[EventCountry "BRA"]
[SourceTitle "CBM 164 Extra"]
[Source "ChessBase"]
[SourceDate "2015.03.02"]
[SourceVersion "1"]
[SourceVersionDate "2015.03.02"]
[SourceQuality "1"]

1. d4 f5 2. Nf3 g6 3. e3 Bg7 4. Be2 Nf6 5. 0-0 d6 6. b3 e5 7. dxe5 Ng4 8. Bb2 Nxe5 9. Nxe5 dxe5 10. Qxd8+ Kxd8 11. Nd2 Be6 12. Nf3 Nd7 13. Rad1 Ke7 14. Rd2 Rhd8 15. Rfd1 Bf6 16. Kf1 g5 17. Ne1 e4 18. Bxf6+ Nxf6 19. Rxd8 Rxd8 20. Rxd8 Kxd8 21. c4 a5 22. Nc2 a4 23. Ke1 Nd7 24. Kd2 axb3 25. axb3 Ne5 26. Kc3 c5 27. Na3 f4 28. f3 exf3 29. gxf3 Bf5 30. exf4 gxf4 31. Nb5 Bh3 32. Kd2 Bg2 33. Nc3 Bxf3 34. Bf1 Ke7 35. Ke1 Kf6 36. Na4 Nd7 37. Bh3 Bc6 38. Bxd7 Bxd7 39. Nxc5 Bc6 40. b4 Ke5 41. b5 Be4 42. Kf2 Bh1 43. Kg1 Kd6 44. Nd3 Be4 45. Nxf4 Kc5 46. Kf2 Kxc4 47. Ke3 Bf5 48. Ne2 Bd7 49. b6 Kc5 50. Kf4 Kxb6 51. Ke5 Kc5 52. Kf6 b5 53. Nc1 Kc4 54. Ne2 b4 55. Ng3 Kd4 56. Kg7 b3 57. Kxh7 b2 0-1

[Event "Florianopolis op"]
[Site "Florianopolis"]
[Date "2015.01.17"]
[Round "8"]
[White "Godoy Olazabal, Arturo"]
[Black "Dull, Amanda Paul"]
[Result "1-0"]
[WhiteElo "2198"]
[BlackElo "1867"]
[PlyCount "71"]
[EventDate "2015.01.14"]
[EventType "swiss"]
[EventRounds "10"]
[EventCountry "BRA"]
[SourceTitle "CBM 164 Extra"]
[Source "ChessBase"]
[SourceDate "2015.03.02"]
[SourceVersion "1"]
[SourceVersionDate "2015.03.02"]
[SourceQuality "1"]

1. e4 Nf6 2. e5 Nd5 3. d4 d6 4. Nf3 Nc6 5. exd6 Qxd6 6. c4 Nf6 7. Be2 Bg4 8. 0-0 e6 9. Nc3 Be7 10. Nb5 Qd8 11. Be3 0-0 12. Ne5 Bxe2 13. Qxe2 Nb8 14. f4 a6 15. Nc3 Nbd7 16. Rad1 Qe8 17. Qf3 c6 18. g4 Kh8 19. g5 Ng8 20. Qh5 Nxe5 21. dxe5 f6 22. Qxe8 Raxe8 23. Rd7 b5 24. c5 fxe5 25. fxe5 Rxf1+ 26. Kxf1 Rf8+ 27. Kg2 Rf5 28. h4 Rxe5 29. Bd4 Rf5 30. Ne4 Rd5 31. Nd6 h6 32. g6 Nf6 33. Bxf6 Bxf6 34. Rc7 Rd2+ 35. Kf3 Rd3+ 36. Ke2 1-0

[Event "Florianopolis op"]
[Site "Florianopolis"]
[Date "2015.01.15"]
[Round "4"]
[White "Godoy Olazabal, Arturo"]
[Black "De Carvalho, Christopher"]
[Result "1-0"]
[WhiteElo "2198"]
[BlackElo "1965"]
[PlyCount "55"]
[EventDate "2015.01.14"]
[EventType "swiss"]
[EventRounds "10"]
[EventCountry "BRA"]
[SourceTitle "CBM 164 Extra"]
[Source "ChessBase"]
[SourceDate "2015.03.02"]
[SourceVersion "1"]
[SourceVersionDate "2015.03.02"]
[SourceQuality "1"]

1. e4 d6 2. d4 Nf6 3. Nc3 e5 4. Nf3 Nbd7 5. Bc4 Be7 6. g4 g6 7. Bxf7+ Kxf7 8. Ng5+ Kg8 9. Ne6 Qe8 10. Nxc7 Qf7 11. Nxa8 exd4 12. Qxd4 Ne5 13. Qxa7 Nf3+ 14. Kd1 Bxg4 15. h3 Bh5 16. Bh6 Ne8 17. Be3 Bg5 18. Kc1 Nf6 19. Bxg5 Nxg5 20. Qe3 Nf3 21. Nb6 Kg7 22. Ncd5 Re8 23. Qc3 Rxe4 24. Nxf6 Qxf6 25. Nd5 Qd4 26. Rd1 Qxc3 27. Nxc3 Re6 28. b3 1-0

[Event "Villa Martelli op-B 21st"]
[Site "Villa Martelli"]
[Date "2014.11.15"]
[Round "8"]
[White "Godoy Olazabal, Arturo"]
[Black "Uelf, Maximiliano"]
[Result "0-1"]
[WhiteElo "2199"]
[BlackElo "2173"]
[PlyCount "110"]
[EventDate "2014.11.07"]
[EventType "swiss"]
[EventRounds "9"]
[EventCountry "ARG"]
[SourceTitle "CBM 163 Extra"]
[Source "ChessBase"]
[SourceDate "2014.12.23"]
[SourceVersion "1"]
[SourceVersionDate "2014.12.23"]
[SourceQuality "1"]

1. e4 c6 2. d4 d5 3. e5 c5 4. c3 Nc6 5. Nf3 Bg4 6. Be2 e6 7. 0-0 Bxf3 8. Bxf3 cxd4 9. cxd4 Qb6 10. Be3 Nge7 11. Nc3 Nf5 12. Na4 Qc7 13. Rc1 Be7 14. Qd2 0-0 15. Bg4 Nxe3 16. Qxe3 Qa5 17. b3 Rac8 18. f4 Qb4 19. Rcd1 b5 20. f5 f6 21. exf6 Bxf6 22. Qxe6+ Kh8 23. Nb2 Bxd4+ 24. Kh1 Bxb2 25. f6 Bxf6 26. Rxd5 Rce8 27. Qxc6 Qxg4 28. h3 Qe2 29. Rdf5 Qxa2 30. Qxb5 Qe2 31. Qd7 Qe7 32. Qd5 Qe6 33. Qd3 h6 34. R5f3 Be7 35. Qb5 Rb8 36. Qd3 Rxf3 37. Rxf3 Rf8 38. Re3 Qd6 39. Qe2 Bg5 40. Rd3 Qa6 41. Qd1 Qc6 42. Qe2 Re8 43. Qg4 Qc1+ 44. Rd1 Re1+ 45. Rxe1 Qxe1+ 46. Kh2 Qe5+ 47. g3 Qb2+ 48. Kh1 Qxb3 49. h4 Qb7+ 50. Kg1 Be3+ 51. Kf1 Qf7+ 52. Ke2 Qf2+ 53. Kd3 Qd2+ 54. Ke4 Qd4+ 55. Kf5 Qd7+ 0-1

[Event "Villa Martelli op-B 21st"]
[Site "Villa Martelli"]
[Date "2014.11.11"]
[Round "5"]
[White "Godoy Olazabal, Arturo"]
[Black "Sotelo, Noe"]
[Result "1/2-1/2"]
[WhiteElo "2199"]
[BlackElo "2062"]
[PlyCount "62"]
[EventDate "2014.11.07"]
[EventType "swiss"]
[EventRounds "9"]
[EventCountry "ARG"]
[SourceTitle "CBM 163 Extra"]
[Source "ChessBase"]
[SourceDate "2014.12.23"]
[SourceVersion "1"]
[SourceVersionDate "2014.12.23"]
[SourceQuality "1"]

1. d4 Nf6 2. Nc3 c5 3. Nf3 cxd4 4. Nxd4 a6 5. e4 Qc7 6. f4 d6 7. Be2 b5 8. a3 Bb7 9. Bf3 Nbd7 10. 0-0 g6 11. Re1 e5 12. Nb3 h5 13. Be3 Rc8 14. Qe2 Be7 15. Rad1 0-0 16. f5 Kg7 17. Bc1 Rh8 18. Rd3 Ba8 19. Red1 Nb6 20. Kh1 gxf5 21. exf5 d5 22. Qe1 e4 23. Re3 Nc4 24. Be2 Nxe3 25. Bxe3 Ng4 26. Bd4+ Bf6 27. Bxg4 hxg4 28. g3 Bxd4 29. Nxd4 Kf6 30. Qe3 Qe5 31. Kg1 Rh5 1/2-1/2

[Event "Villa Martelli op-B 21st"]
[Site "Villa Martelli"]
[Date "2014.11.09"]
[Round "3"]
[White "Godoy Olazabal, Arturo"]
[Black "Carraro, Denise"]
[Result "1-0"]
[WhiteElo "2199"]
[BlackElo "2068"]
[PlyCount "85"]
[EventDate "2014.11.07"]
[EventType "swiss"]
[EventRounds "9"]
[EventCountry "ARG"]
[SourceTitle "CBM 163 Extra"]
[Source "ChessBase"]
[SourceDate "2014.12.23"]
[SourceVersion "1"]
[SourceVersionDate "2014.12.23"]
[SourceQuality "1"]

1. e4 e6 2. d4 d5 3. Nd2 c5 4. Ngf3 Nc6 5. exd5 exd5 6. Bb5 Bd6 7. 0-0 Nge7 8. dxc5 Bxc5 9. Nb3 Bd6 10. Bg5 0-0 11. Nbd4 Qb6 12. Be3 Bc5 13. Bd3 Ng6 14. Nxc6 bxc6 15. Bxc5 Qxc5 16. Ng5 d4 17. f4 Nxf4 18. Bxh7+ Kh8 19. h4 d3+ 20. Kh1 Qd4 21. Bxd3 g6 22. Be4 Qe5 23. Qf3 Nh5 24. Kg1 Ba6 25. Rf2 Qxb2 26. Rd1 Bc4 27. c3 Qb6 28. g4 Ng7 29. Rd4 Be6 30. Qf6 c5 31. Rdd2 Rab8 32. Rb2 Qd6 33. Nxe6 Qxe6 34. Qxe6 Nxe6 35. Rxb8 Rxb8 36. Rxf7 g5 37. Rh7+ Kg8 38. Rxa7 Nf4 39. hxg5 Rb2 40. g6 Re2 41. Bf5 Rb2 42. Kf1 Ne2 43. Be6+ 1-0

[Event "Buenos Aires Duchamp Boca op 3rd"]
[Site "Buenos Aires"]
[Date "2013.06.26"]
[Round "6"]
[White "Godoy Olazabal, Arturo"]
[Black "Garcia, Raimundo"]
[Result "0-1"]
[WhiteElo "2141"]
[BlackElo "2310"]
[PlyCount "62"]
[EventDate "2013.06.20"]
[EventType "swiss"]
[EventRounds "9"]
[EventCountry "ARG"]
[SourceTitle "CBM 155 Extra"]
[Source "ChessBase"]
[SourceDate "2013.08.26"]
[SourceVersion "1"]
[SourceVersionDate "2013.08.26"]
[SourceQuality "1"]

1. e4 e6 2. d4 d5 3. Nd2 c5 4. Ngf3 Nc6 5. exd5 exd5 6. dxc5 Bxc5 7. Nb3 Bd6 8. Bd3 Nf6 9. 0-0 0-0 10. Bg5 Bg4 11. Re1 h6 12. Bh4 Ne5 13. Be2 Ng6 14. Bg3 Nf4 15. Bxf4 Bxf4 16. Nfd4 Bxe2 17. Qxe2 Re8 18. Qf3 Be5 19. c3 Qb6 20. Nf5 a5 21. Re2 a4 22. Nbd4 a3 23. b3 Bxd4 24. Nxd4 Rxe2 25. Qxe2 Rc8 26. Qb5 Qa7 27. Qb4 Ne4 28. Rc1 Qa6 29. f3 Qd3 30. Nf5 Rxc3 31. Rxc3 Qd1# 0-1

[Event "Buenos Aires Duchamp Boca op 3rd"]
[Site "Buenos Aires"]
[Date "2013.06.23"]
[Round "3"]
[White "Godoy Olazabal, Arturo"]
[Black "Krysa, Leandro Sergio"]
[Result "1-0"]
[WhiteElo "2141"]
[BlackElo "2411"]
[PlyCount "145"]
[EventDate "2013.06.20"]
[EventType "swiss"]
[EventRounds "9"]
[EventCountry "ARG"]
[SourceTitle "CBM 155 Extra"]
[Source "ChessBase"]
[SourceDate "2013.08.26"]
[SourceVersion "1"]
[SourceVersionDate "2013.08.26"]
[SourceQuality "1"]

1. e4 e5 2. Nc3 Nf6 3. f4 d5 4. fxe5 Nxe4 5. Nxe4 dxe4 6. d4 exd3 7. Bxd3 Nc6 8. Nf3 Bg4 9. 0-0 Bc5+ 10. Kh1 Nd4 11. Be3 Ne6 12. Qe1 0-0 13. Ng5 Nxg5 14. Bxc5 Re8 15. Qg3 Bd7 16. Qf4 Bc6 17. Bc4 Bd5 18. Rad1 c6 19. Bxd5 cxd5 20. Be3 h6 21. h4 Ne4 22. Qxf7+ Kh8 23. Rf4 Rxe5 24. Bd4 Re7 25. Qg6 Kg8 26. c4 Qe8 27. Qxe8+ Raxe8 28. cxd5 Ng3+ 29. Kh2 Ne2 30. Rf2 Nxd4 31. Rxd4 Rd7 32. Rf5 Re2 33. h5 Rxb2 34. Rc4 Rd2 35. Rc8+ Kh7 36. Rff8 g5 37. Rh8+ Kg7 38. Rcg8+ Kf7 39. Rg6 R7xd5 40. Rh7+ Kf8 41. Rxb7 Rd6 42. Rxd6 Rxd6 43. Rxa7 Rd4 44. g3 g4 45. Kg2 Rd5 46. Ra4 Rxh5 47. Rxg4 Rc5 48. a4 Rc3 49. Re4 Ra3 50. g4 Kf7 51. Kf2 Kf6 52. Ke2 Rc3 53. Kd2 Rc5 54. Kd3 Kg5 55. Rc4 Ra5 56. Kc3 Ra8 57. Kb4 Rb8+ 58. Kc5 Re8 59. a5 Re5+ 60. Kb6 Re6+ 61. Kb5 Re8 62. a6 Rb8+ 63. Ka5 Re8 64. a7 Re5+ 65. Kb6 Re6+ 66. Kb5 Re8 67. Ra4 Rf8 68. Kc6 Kh4 69. Kd5 Ra8 70. Ke6 Kg5 71. Kf7 Kh4 72. Kg6 Rg8+ 73. Kxh6 1-0

[Event "Buenos Aires Duchamp Boca op 3rd"]
[Site "Buenos Aires"]
[Date "2013.06.20"]
[Round "1"]
[White "Godoy Olazabal, Arturo"]
[Black "Caceres Recalde, Gonzalo"]
[Result "1-0"]
[WhiteElo "2141"]
[BlackElo "1633"]
[PlyCount "39"]
[EventDate "2013.06.20"]
[EventType "swiss"]
[EventRounds "9"]
[EventCountry "ARG"]
[SourceTitle "CBM 155 Extra"]
[Source "ChessBase"]
[SourceDate "2013.08.26"]
[SourceVersion "1"]
[SourceVersionDate "2013.08.26"]
[SourceQuality "1"]

1. e4 c5 2. Nf3 d6 3. d4 cxd4 4. Nxd4 Nf6 5. Nc3 g6 6. f3 Bg7 7. Be3 Nc6 8. Qd2 0-0 9. g4 Nxd4 10. Bxd4 Be6 11. h4 Qc8 12. h5 Bc4 13. h6 Bh8 14. g5 Nd7 15. Bxh8 Kxh8 16. Qd4+ Ne5 17. f4 Bxf1 18. fxe5 dxe5 19. Qxe5+ f6 20. Qxe7 1-0